000 00458nam a22001811a 4500
020 _a9788124007310
082 _aM 294.592 1
_bKRI/V
100 _aKrishnan Namboodiri K N
245 _aVedantharangam/
_cby Krishnan Namboodiri K N
260 _bKrishnan Naboodiri K N:
_c1999.
_aDelhi,
300 _a215p.
500 _aKrishnan Namboodiri K N
650 _aVedic Literature
650 _aHinduism
650 _aReligion
942 _cBK
942 _cBK
999 _c49416
_d49416